000 00295nam a22001337a 4500
008 181121b xxu||||| |||| 00| 0 eng d
020 _a0944132057
041 _aeng
080 _a610.73
100 _a2
101 _aINF
245 _aThe Nurse's Survival Guide
_cGoodner, B
942 _2udc
_cBK
999 _c52290
_d52290